| 000 | 00840nam a2200289Ia 4500 | ||
|---|---|---|---|
| 003 | OSt | ||
| 005 | 20220925235539.0 | ||
| 006 | a|||||r|||| 00| 0 | ||
| 007 | ta | ||
| 008 | 220923b |||||||| |||| 00| 0 eng d | ||
| 020 | _a8176294268 | ||
| 037 | _cGeneral Book | ||
| 040 |
_aRTL _cRTL _beng |
||
| 041 |
_2eng _aeng |
||
| 082 | _aX:9B.2.N9, P3 | ||
| 100 |
_aDasgupta Asis Ed. _9301416 |
||
| 245 | 0 | _aProblems of child labour in India | |
| 260 |
_a New Delhi _bDeep and Deep India _c2003 |
||
| 300 |
_axv, 286p _ccm. |
||
| 490 | _aIndian Economic Association | ||
| 500 | _aBibliography chapterwise | ||
| 650 | _a Economics | ||
| 650 |
_aChild Labour _9252806 |
||
| 700 |
_a Sen Raj Kumar Ed _939279 |
||
| 942 |
_hX:9B.2.N9, P3 _cGB _2CC |
||
| 999 |
_c597496 _d597496 |
||